000 00508nam a2200205 a 4500
001 BRL_742
005 20190320210857.0
008 011013s1931----gw-#######---#000-1#ger-#
041 _ager
044 _agw
050 4 _aPT3919.T7
_b.T73 1931
100 1 _aTraven, B.
_924805
245 1 0 _aDie weisse rose
_cB. Traven.
260 _aBerlin
_bBuchmeisterverlag GmbH.
_c1931
300 _a288 p.
_c19 p.
500 _aAu824
650 1 4 _aLiteratura Alemana
_vNovela
_922844
902 _aGRL
942 _2lcc
_cB
999 _c9554
_d9554